| 000 | 01336nam a2200241Ia 4500 | ||
|---|---|---|---|
| 003 | Ost | ||
| 005 | 20260507075802.0 | ||
| 008 | 260507s9999||||xx |||||||||||||| ||und|| | ||
| 020 | _a9789931084808 | ||
| 040 | _cfsecg | ||
| 041 | _aara | ||
| 082 | _a332.1221 | ||
| 100 |
_aعزوز، أحمد _eمؤلف |
||
| 245 | 0 |
_aالصيرفة الاسلامية في الجزائر : _bدراسة لمواصفات النموذج المصرفي الاسلامي / _c أحمد عزوز |
|
| 260 |
_aالجزائر : _bألفا للوثائق للنشر والتوزيع , _c2023 |
||
| 300 |
_a208 صفحة؛ _bإيضاحات ؛ _c24 سم |
||
| 504 | _aبيبليوغرافيا: ص ص199-207 | ||
| 520 | _aيهتم بدراسة أساسيات النظام المصرفي الاسلامي، أساليب التمويل والاستثمار في المصارف الاسلامية، نموذج الرقابة الشرعية على المصارف الاسلامية، علاقة المصارف المركزية بالمصارف الاسلامية ، الهيئات الداعمة للعمل المصرفي الاسلامي، نشاط الصيرفة الاسلامية في الجزائر. | ||
| 653 | _aالبنوك | ||
| 653 | _aالبنوك الاسلامية | ||
| 700 |
_aعلام، عثمان _eمؤلف ثانوي |
||
| 942 | _cكتاب | ||
| 999 |
_c46287 _d46287 |
||